[Event "Challenge"]
[Site "http://www.queenalice.com/game.php?id=1864973"]
[Date "2025.10.31"]
[Round "-"]
[White "iliov2008"]
[Black "gizmokaka"]
[Result "0-1"]
[WhiteElo "1488"]
[BlackElo "2818"]

1. e4 Nf6 2. d3 e5 3. Nf3 Nc6 4. Nc3 d5 5. Bg5 Bb4 6. Bxf6 gxf6 7. a3 Bxc3+ 8.
bxc3 Be6 9. d4 dxe4 10. Nd2 f5 11. dxe5 Nxe5 12. h4 Qf6 13. f4 Ng4 14. Bb5+ c6
15. Ba4 Qxc3 16. Ke2 Qe3+ 17. Kf1 Qf2# 0-1

[Event "Challenge"]
[Site "http://www.queenalice.com/game.php?id=1864974"]
[Date "2025.10.31"]
[Round "-"]
[White "gizmokaka"]
[Black "Derik_vd_Heever"]
[Result "1-0"]
[WhiteElo "2821"]
[BlackElo "1416"]

1. c4 e5 2. Nc3 Nf6 3. Nf3 Nc6 4. e4 g6 5. d4 Bg7 6. dxe5 Ng4 7. Bg5 f6 8. exf6
Bf8 9. f7+ Kxf7 10. Bxd8 Nxd8 11. Ng5+ Kg7 12. Qxg4 d6 13. Qg3 b6 14. Nd5 h6 15.
Qc3+ Kg8 16. Nf6+ Kg7 17. Ne8+ Kg8 18. Qf6 Ne6 19. Qf7# 1-0

[Event "Challenge"]
[Site "http://www.queenalice.com/game.php?id=1864975"]
[Date "2025.10.31"]
[Round "-"]
[White "Derik_vd_Heever"]
[Black "gizmokaka"]
[Result "0-1"]
[WhiteElo "1414"]
[BlackElo "2823"]

1. e4 e5 2. Nf3 Nc6 3. Nc3 Nf6 4. g3 Bc5 5. Bg2 d6 6. O-O O-O 7. d3 a5 8. Bg5 h6
9. Bd2 Be6 10. Nb5 Qd7 11. b3 Ng4 12. h3 Nxf2 13. Qe2 Nxe4+ 14. Kh1 Nxg3+ 15.
Kh2 Nxe2 16. Rf2 Bxf2 17. Rf1 Bg3+ 18. Kh1 f5 19. Ne1 f4 20. Nf3 Rf6 21. Rb1
Bxh3 22. Bf1 Bxf1 23. Rxf1 Qh3+ 24. Nh2 Qxh2# 0-1

[Event "AUTO-OPEN-4628"]
[Site "http://www.queenalice.com/game.php?id=1866540"]
[Date "2025.12.4"]
[Round "1"]
[White "gizmokaka"]
[Black "josebaron"]
[Result "1-0"]
[WhiteElo "2821"]
[BlackElo "2188"]

1. d4 d5 2. Bf4 Nf6 3. Nf3 Nc6 4. e3 Bg4 5. Nbd2 e6 6. h3 Bxf3 7. Nxf3 Bd6 8. c3
O-O 9. Bg5 Be7 10. Bd3 Re8 11. h4 h6 12. Bf4 Bd6 13. Ne5 Bxe5 14. dxe5 Ne4 15.
g4 f6 16. exf6 Nxf6 17. g5 1-0

[Event "AUTO-OPEN-4628"]
[Site "http://www.queenalice.com/game.php?id=1866541"]
[Date "2025.12.4"]
[Round "1"]
[White "josebaron"]
[Black "gizmokaka"]
[Result "0-1"]
[WhiteElo "2186"]
[BlackElo "2823"]

1. e4 e5 2. Nf3 Nc6 3. Bc4 Bc5 4. O-O Nf6 5. Nc3 d6 6. d3 Na5 7. Nd5 Nxc4 8.
dxc4 Nxe4 9. Be3 c6 10. Bxc5 Nxc5 11. Ne3 a5 12. a4 f5 13. Kh1 f4 0-1

[Event "AUTO-OPEN-4628"]
[Site "http://www.queenalice.com/game.php?id=1866542"]
[Date "2025.12.4"]
[Round "1"]
[White "gizmokaka"]
[Black "IranSilva"]
[Result "1-0"]
[WhiteElo "2822"]
[BlackElo "2211"]

1. e4 e5 2. Bc4 Nf6 3. d3 Bc5 4. Nc3 O-O 5. Nf3 d6 6. O-O Bg4 7. h3 Bh5 8. g4
Nxg4 9. hxg4 Bxg4 10. Kh2 Nc6 11. Rg1 Qd7 12. Bh6 Nd4 13. Nxe5 1-0

[Event "AUTO-OPEN-4628"]
[Site "http://www.queenalice.com/game.php?id=1866543"]
[Date "2025.12.4"]
[Round "1"]
[White "IranSilva"]
[Black "gizmokaka"]
[Result "0-1"]
[WhiteElo "2195"]
[BlackElo "2821"]

1. Nf3 c6 2. g3 d5 3. Bg2 Nf6 4. d4 g6 5. O-O Bg7 6. Nc3 O-O 7. b3 c5 8. Bb2
cxd4 9. Nxd4 e5 10. Nf3 Nc6 11. e3 Re8 12. Qd2 e4 13. Nd4 Ne5 14. h3 Bd7 15.
Rad1 Rc8 16. a4 a6 17. Kh2 h5 18. Nce2 h4 19. gxh4 Nh5 20. Ng3 Qxh4 21. Nxh5
Qxh5 22. f4 exf3 23. Nxf3 Nxf3+ 0-1

[Event "AUTO-OPEN-4628"]
[Site "http://www.queenalice.com/game.php?id=1866544"]
[Date "2025.12.4"]
[Round "1"]
[White "gizmokaka"]
[Black "Pin"]
[Result "1-0"]
[WhiteElo "2821"]
[BlackElo "2046"]

1. c4 c5 2. Nf3 Nf6 3. e3 e6 4. Be2 d6 5. O-O Be7 6. d4 cxd4 7. exd4 O-O 8. a3
Bd7 9. b4 a6 10. Nc3 Nc6 11. d5 Ne5 12. Nxe5 dxe5 13. d6 1-0

[Event "AUTO-OPEN-4628"]
[Site "http://www.queenalice.com/game.php?id=1866545"]
[Date "2025.12.4"]
[Round "1"]
[White "Pin"]
[Black "gizmokaka"]
[Result "0-1"]
[WhiteElo "2080"]
[BlackElo "2817"]

1. d4 d5 2. Nf3 Nf6 3. Nc3 c5 4. e3 e6 5. Be2 a6 6. O-O Nc6 7. b3 b5 8. Ne5 Nxe5
9. dxe5 Nd7 10. f4 Be7 11. Bb2 O-O 12. Bd3 f5 13. exf6 Nxf6 14. Ne2 c4 15. Bxf6
cxd3 16. Bxe7 dxe2 0-1

[Event "Challenge"]
[Site "http://www.queenalice.com/game.php?id=1867711"]
[Date "2026.1.8"]
[Round "-"]
[White "gizmokaka"]
[Black "Capixaba789"]
[Result "1-0"]
[WhiteElo "2824"]
[BlackElo "1850"]

1. d4 d5 2. c4 e6 3. cxd5 exd5 4. Bf4 Nf6 5. e3 Bd6 6. Bxd6 Qxd6 7. Bd3 O-O 8.
Nc3 c6 9. h3 Be6 10. Qd2 Nbd7 11. Nge2 Rfe8 12. O-O b5 13. Nf4 c5 14. Bxb5 c4
15. b3 cxb3 16. axb3 Red8 17. Bd3 Nf8 18. Ra6 Qc7 19. Nb5 Qe7 20. Rfa1 Ng6 21.
Nxe6 fxe6 22. Nxa7 Ne4 23. Bxe4 dxe4 24. Nc6 1-0

[Event "Challenge"]
[Site "http://www.queenalice.com/game.php?id=1867712"]
[Date "2026.1.8"]
[Round "-"]
[White "Capixaba789"]
[Black "gizmokaka"]
[Result "0-1"]
[WhiteElo "1871"]
[BlackElo "2821"]

1. d4 Nf6 2. Nc3 d5 3. f4 c5 4. Nf3 cxd4 5. Qxd4 Nc6 6. Qd1 d4 7. Nb1 Bg4 8. a4
e5 9. fxe5 Ne4 10. Bf4 Qb6 11. Nbd2 Bb4 0-1

[Event "Challenge"]
[Site "http://www.queenalice.com/game.php?id=1867717"]
[Date "2026.1.8"]
[Round "-"]
[White "gizmokaka"]
[Black "Castling"]
[Result "1-0"]
[WhiteElo "2831"]
[BlackElo "1747"]

1. Nf3 Nc6 2. d4 d5 3. c4 e6 4. a3 h6 5. e3 Nf6 6. Nbd2 Bd6 7. c5 Be7 8. b4 b5
9. Bxb5 Bd7 10. Qa4 Nb8 11. c6 Bc8 12. Bd3 Qd6 13. Ne5 O-O 14. O-O Ne4 15. Nxe4
Qd8 16. Ng3 a5 17. b5 Bf6 18. Qc2 Bxe5 19. dxe5 Nxc6 20. Qxc6 Bd7 21. Qc5 Rb8
22. a4 Rb6 23. Ba3 Kh8 24. Qxf8+ 1-0

[Event "Challenge"]
[Site "http://www.queenalice.com/game.php?id=1867718"]
[Date "2026.1.8"]
[Round "-"]
[White "Castling"]
[Black "gizmokaka"]
[Result "0-1"]
[WhiteElo "1781"]
[BlackElo "2829"]

1. e4 Nf6 2. d3 e5 3. h3 d5 4. Bg5 dxe4 5. Bxf6 Qxf6 6. dxe4 Qb6 7. b3 Bc5 8.
Qe2 Nc6 9. Nf3 Be6 10. Qb5 Bxf2+ 11. Kd1 O-O-O+ 12. Bd3 Qxb5 13. Nc3 Rxd3+ 14.
cxd3 Qxd3+ 15. Nd2 Be3 16. Re1 Qxd2# 0-1

[Event "Challenge"]
[Site "http://www.queenalice.com/game.php?id=1867723"]
[Date "2026.1.8"]
[Round "-"]
[White "gizmokaka"]
[Black "ChessColossos"]
[Result "1-0"]
[WhiteElo "2823"]
[BlackElo "1648"]

1. c4 e5 2. Nc3 Nf6 3. e3 Nc6 4. Qb3 Bb4 5. Nge2 O-O 6. a3 Bxc3 7. Nxc3 Na5 8.
Qc2 d5 9. cxd5 Nxd5 10. b4 Nxc3 11. Qxc3 Nc6 12. b5 Qxd2+ 13. Bxd2 1-0

[Event "Challenge"]
[Site "http://www.queenalice.com/game.php?id=1867724"]
[Date "2026.1.8"]
[Round "-"]
[White "ChessColossos"]
[Black "gizmokaka"]
[Result "0-1"]
[WhiteElo "1650"]
[BlackElo "2822"]

1. e4 e5 2. Nf3 Nc6 3. d4 exd4 4. Nxd4 Nf6 5. Nxc6 bxc6 6. Bd3 d5 7. Bg5 dxe4 8.
Bxf6 Qxf6 9. Bxe4 Rb8 10. c3 Rxb2 11. O-O Be7 12. Bxc6+ Qxc6 13. Qd8+ Kxd8 0-1

[Event "Challenge"]
[Site "http://www.queenalice.com/game.php?id=1867734"]
[Date "2026.1.8"]
[Round "-"]
[White "gizmokaka"]
[Black "tche_elvio"]
[Result "1-0"]
[WhiteElo "2828"]
[BlackElo "1596"]

1. d4 Nf6 2. c4 g6 3. Nc3 Bg7 4. e4 d6 5. Nf3 O-O 6. Be2 c6 7. h3 b6 8. Bf4 Bb7
9. O-O Nbd7 10. Re1 e5 11. dxe5 dxe5 12. Nxe5 Nxe5 13. Bxe5 Qxd1 14. Raxd1 h5
15. Bg3 Rab8 16. Bxb8 1-0

[Event "Challenge"]
[Site "http://www.queenalice.com/game.php?id=1867735"]
[Date "2026.1.8"]
[Round "-"]
[White "tche_elvio"]
[Black "gizmokaka"]
[Result "0-1"]
[WhiteElo "1598"]
[BlackElo "2827"]

1. e4 e5 2. g3 d5 3. Bg2 dxe4 4. Bxe4 Nf6 5. Bg2 Nc6 6. c3 Qd3 7. Ne2 h5 8. O-O
Bg4 9. b4 Bxe2 10. Qe1 h4 11. Bb2 h3 12. Bxc6+ bxc6 13. a4 Qf3 0-1